000 00745nam a2200229Ia 4500
001 14641
003 GE_BSU
008 181216s||||||||xx |||||||||||||| ||und||
020 _a5529002870
040 _cGE_BSU
100 _aნიშნიანიძე,შოთა
245 _aუპირველეს ყოვლისა.
245 _bლექსები
245 _cრედ.თ.აბულაძე.მხატვ.ზ.ფორჩხიძე
260 _aთბილისი
260 _bსაბჭოთა საქართველო
260 _c1988
300 _a528გვ.20სმ.
653 _aლექსები
653 _aუპირველეს ყოვლისა.
942 _cBK
999 _c47767
_d47767